Бухгалтерский учет: учебник

Dettagli Bibliografici
Altri autori: Ларионов А. Д., Ерофеева В. А., Леонтьева Ж. Г., Станков П. А.
Riassunto:Исключено из фонда НТБ ТПУ
Lingua:russo
Pubblicazione: Москва, Проспект, 1998
Natura: MixedMaterials Libro
KOHA link:https://koha.lib.tpu.ru/cgi-bin/koha/opac-detail.pl?biblionumber=9797

MARC

LEADER 00000nam0a2200000 4500
001 9797
005 20231030182616.0
010 |a 5789600603 
035 |a (RuTPU)RU\TPU\book\9852 
035 |a BOOK00009914 
090 |a 9797 
100 |a 20011209d1998 m y0rusy50 ca 
101 0 |a rus 
102 |a RU 
105 |a a j 000zy 
200 1 |a Бухгалтерский учет  |e учебник  |f А. Д. Ларионов, В. А. Ерофеева, Ж. Г. Леонтьева, П. А. Станков 
210 |a Москва  |c Проспект  |d 1998 
215 |a 390 с.  |c ил. 
333 |a Исключено из фонда НТБ ТПУ 
675 |a 657.22(075.8)  |v 3 
701 1 |a Ларионов  |b А. Д. 
701 1 |a Ерофеева  |b В. А. 
701 1 |a Леонтьева  |b Ж. Г. 
701 1 |a Станков  |b П. А. 
801 0 |a RU  |b 63413507  |c 20011209  |g PSBO 
801 2 |a RU  |b 63413507  |c 20220113  |g PSBO 
942 |c BK